| 000 | 00618nam a22002057a 4500 | ||
|---|---|---|---|
| 999 |
_c193569 _d193569 |
||
| 005 | 20221102142240.0 | ||
| 010 | _ab-307182 | ||
| 020 |
_a9780195692501 _c325.00 |
||
| 035 | _aB-307182 | ||
| 082 |
_a330 _211th |
||
| 100 | _aLipsey | ||
| 245 |
_aEconomics/ _cby Lipsey [and] Chrystal _hENG |
||
| 250 | _aIst Edition 2007 | ||
| 260 |
_aNew Delhi _bOxford University Press _c2007 |
||
| 270 |
_aYMCA Library Building Singh Road _bNew Delhi _e110001 |
||
| 300 |
_axxii, 665p. _c26cm. _bGraph and Table |
||
| 500 | _aGlossary, Bibliography, Index | ||
| 700 | _aChrystal | ||
| 942 |
_2ddc _cEN _h330 _mLIP |
||